000 00696nam a2200217 a 4500
001 000033307
003 OSt
005 20240412074257.0
008 110823s1882 dr r 000 0 spa d
040 _aDO-SdBNP
_bspa
_cBNPHU
082 4 _aRD862.3
_bB598d
100 1 _aBillini, Francisco Gregorio,
_958908
_d1844-1898
245 1 0 _aAmor i expiación. :
_bdrama original en tres actos I en III /
_cFrancisco G. Billini.
260 _aSanto Domingo, :
_bImprenta el pueblo,
_c1882.
300 _a76 p. ;
_c22 cm.
590 _aInventariado, 2019/BT
650 0 _aTeatro dominicano
_9637
650 0 _aLiteratura dominicana.
_967
910 _aValidado. Control de calidad MFF
942 _2ddc
_cLBS1
999 _c32798
_d32798